| 000 | 00375cam a2200145ua 4500 | ||
|---|---|---|---|
| 041 |
_aeng _h |
||
| 082 |
_a028.72621 _bSAY/EL |
||
| 100 | _aSay, M G . | ||
| 245 |
_aElectrical engineering design manual / _cM G Say. _hTextual Documents |
||
| 250 |
_a3 / _b. |
||
| 260 |
_aMumbai : _bAsia Publishing House , _c1967. |
||
| 300 | _a318 ; . | ||
| 942 | _cBK | ||
| 999 |
_c6774 _d6774 |
||